[Event "XXIII Festival A"]
[Site "Arco ITA"]
[Date "2001.10.23"]
[Round "4"]
[White "Dervishi, Erald"]
[Black "Ivanov, Mikhail M."]
[Result "1-0"]
[WhiteElo "2501"]
[BlackElo "2418"]
[PlyCount "73"]
[EventDate "2001.10.20"]

1.e4 c5 2.Nf3 Nc6 3.d4 cxd4 4.Nxd4 g6 5.Nc3 Bg7 6.Be3 Nf6 7.Bc4 O-O 8.Bb3 
a5 9.a4 d6 10.f3 Nxd4 11.Bxd4 Be6 12.Bd5 Bxd5 13.exd5 e5 14.dxe6 fxe6 15.
Qe2 e5 16.Bf2 d5 17.O-O-O Qd6 18.Bg3 Rfe8 19.Rhe1 d4 20.Qc4+ Kh8 21.Nb5 
Qd5 22.Qxd5 Nxd5 23.Nd6 Ne3 24.Nxe8 Rxe8 25.Rd2 Bh6 26.Kb1 Kg8 27.Rd3 b6 
28.Re2 Kf7 29.c3 Bg7 30.cxd4 exd4 31.Bf2 Bf6 32.Bxe3 Re7 33.Re1 dxe3 34.
Rexe3 Rb7 35.Rd5 Be7 36.Ka2 Bc5 37.Re4 1-0

[Event "XXIII Festival A"]
[Site "Arco ITA"]
[Date "2001.10.23"]
[Round "4"]
[White "Friedrich, Norbert"]
[Black "Cavatorta, Fosco"]
[Result "1-0"]
[WhiteElo "2277"]
[BlackElo "2011"]
[PlyCount "61"]
[EventDate "2001.10.20"]

1.e4 e6 2.d4 d5 3.Nc3 Nf6 4.e5 Nfd7 5.f4 c5 6.Nf3 b6 7.Be3 Ba6 8.Nb5 Bxb5 
9.Bxb5 a6 10.Be2 Nc6 11.O-O cxd4 12.Nxd4 Bc5 13.c3 b5 14.Kh1 Qb6 15.a4 
Bxd4 16.cxd4 b4 17.Bd3 g6 18.Rc1 Rc8 19.Qe2 Ndb8 20.Rc5 Kd7 21.f5 gxf5 22.
g4 Ne7 23.Rxc8 Kxc8 24.gxf5 Nxf5 25.Bxf5 exf5 26.Qc2+ Kb7 27.Qxf5 Qg6 28.
Qxf7+ Qxf7 29.Rxf7+ Kb6 30.e6 Re8 31.e7 1-0

[Event "XXIII Festival A"]
[Site "Arco ITA"]
[Date "2001.10.23"]
[Round "4"]
[White "Loktiev, Ivan"]
[Black "Linde, Wolfgang"]
[Result "0-1"]
[WhiteElo "2353"]
[BlackElo "2124"]
[PlyCount "88"]
[EventDate "2001.10.20"]

1.d4 d5 2.Nf3 c6 3.g3 Nf6 4.Bg2 Bg4 5.O-O Nbd7 6.b3 e6 7.c4 Bd6 8.Ba3 Bxa3
9.Nxa3 O-O 10.b4 Qe7 11.Qb3 a6 12.c5 Ne4 13.Rfe1 f6 14.Nc2 Qf7 15.Ne3 f5 
16.Ne5 Nxe5 17.dxe5 Bh5 18.f3 Ng5 19.h4 f4 20.gxf4 Qxf4 21.hxg5 Qxe5 22.a4
Rf4 23.Ra3 Raf8 24.g6 Qg5 25.gxh7+ Kxh7 26.Qd3+ Bg6 27.Qd2 Qh4 28.Rb3 R8f6
29.Rc1 Bh5 30.Rf1 Rg6 31.Rf2 e5 32.Qe1 d4 33.Nc2 Qg3 34.Kf1 Rh4 35.e4 Rh2 
36.Qd2 Rf6 37.Ne1 g5 38.Nd3 Rf4 39.Qa2 Kg7 40.Qb2 Bf7 41.Qc2 g4 42.Ke1 Qh4
43.fxg4 Rxg4 44.Kf1 Rh1+ 0-1

[Event "XXIII Festival A"]
[Site "Arco ITA"]
[Date "2001.10.23"]
[Round "4"]
[White "Medancic, Rikard"]
[Black "Belotti, Bruno"]
[Result "0-1"]
[WhiteElo "2237"]
[BlackElo "2403"]
[PlyCount "112"]
[EventDate "2001.10.20"]

1.d4 Nf6 2.Nf3 g6 3.Bg5 Bg7 4.Nbd2 O-O 5.c3 d5 6.e3 Nbd7 7.Be2 Re8 8.O-O 
e5 9.dxe5 Nxe5 10.Nxe5 Rxe5 11.Bf4 Re8 12.Qb3 Qe7 13.a4 c5 14.Bf3 Be6 15.
Rfd1 Rad8 16.a5 c4 17.Qa3 Qxa3 18.Rxa3 Ne4 19.Bc7 Rc8 20.Bg3 Red8 21.Raa1 
Nc5 22.Be2 Bf5 23.h3 Bc2 24.Rdc1 Bd3 25.Bxd3 Nxd3 26.Rc2 Nxb2 27.Rb1 Na4 
28.Rxb7 Nxc3 29.Nf3 Ne4 30.Be5 a6 31.Bxg7 Nc5 32.Ra7 Kxg7 33.Ne5 Rf8 34.
Rd2 c3 35.Rc2 Nb3 36.Rxa6 d4 37.Rb6 f6 38.Rb7+ Kg8 39.Rxb3 fxe5 40.Rc1 Rc5
41.Kf1 Rfc8 42.exd4 exd4 43.Ke2 Rxa5 44.Kd3 Rd8 45.Rbb1 Ra2 46.Rc2 Rxc2 
47.Kxc2 Kf7 48.Kd3 Ke6 49.Re1+ Kd5 50.Re7 Rc8 51.Re2 g5 52.Ra2 Kc5 53.Kc2 
Kb4 54.Ra1 Rc7 55.Kd3 c2 56.Kd2 Kb3 0-1

[Event "XXIII Festival A"]
[Site "Arco ITA"]
[Date "2001.10.23"]
[Round "4"]
[White "Naumkin, Igor"]
[Black "Kragelj, Igor"]
[Result "1-0"]
[WhiteElo "2414"]
[BlackElo "2278"]
[PlyCount "71"]
[EventDate "2001.10.20"]

1.d4 Nf6 2.Nf3 e6 3.c4 b6 4.g3 Ba6 5.b3 Bb4+ 6.Bd2 Be7 7.Bg2 c6 8.Bc3 d5 
9.Ne5 Nfd7 10.Nxd7 Nxd7 11.Nd2 O-O 12.O-O Nf6 13.e4 b5 14.e5 Nd7 15.c5 b4 
16.Bxb4 Bxf1 17.Nxf1 Re8 18.f4 a5 19.Bc3 f6 20.h4 fxe5 21.fxe5 Nf8 22.Ne3 
Qd7 23.Bf3 Bd8 24.Bh5 g6 25.Be2 Qg7 26.Qd2 Nd7 27.Ng2 Bc7 28.Nf4 Nf8 29.
Rf1 Bd8 30.Bg4 Ra7 31.Rf2 Ra8 32.Qe2 Ra7 33.Qf1 h6 34.Bd2 h5 35.Bd1 Kh8 
36.Bc2 1-0

[Event "XXIII Festival A"]
[Site "Arco ITA"]
[Date "2001.10.23"]
[Round "4"]
[White "Ortega, Lexy"]
[Black "Trauth, Michael"]
[Result "1/2-1/2"]
[WhiteElo "2494"]
[BlackElo "2195"]
[PlyCount "42"]
[EventDate "2001.10.20"]

1.d4 Nf6 2.Nf3 c5 3.e3 g6 4.dxc5 Qa5+ 5.c3 Qxc5 6.b4 Qc7 7.Bb2 Bg7 8.c4 
O-O 9.Nc3 a6 10.Rc1 d6 11.Be2 Nbd7 12.O-O b6 13.Nd5 Qd8 14.Qb3 Bb7 15.Rfd1
Rc8 16.Nxf6+ Bxf6 17.c5 Bxb2 18.Qxb2 bxc5 19.bxc5 Bxf3 20.Bxf3 Nxc5 21.h4 
h6 1/2-1/2

[Event "XXIII Festival A"]
[Site "Arco ITA"]
[Date "2001.10.23"]
[Round "4"]
[White "Rigo, Janos"]
[Black "Kemeny, Matthias"]
[Result "1-0"]
[WhiteElo "2338"]
[BlackElo "2098"]
[PlyCount "71"]
[EventDate "2001.10.20"]

1.e4 c6 2.d4 d5 3.Nc3 dxe4 4.Nxe4 Bf5 5.Ng3 Bg6 6.h4 h6 7.Nh3 e6 8.Nf4 Bh7
9.c3 Nf6 10.Qb3 Qb6 11.Qa4 Bd6 12.Ngh5 Nxh5 13.Nxh5 O-O 14.Qd1 Nd7 15.Qg4 
Bg6 16.Bd3 Bxh5 17.Qxh5 Nf6 18.Qf3 e5 19.dxe5 Bxe5 20.g4 Qc5 21.g5 Qd5 22.
Qxd5 Nxd5 23.gxh6 Nxc3 24.hxg7 Kxg7 25.Rg1+ Kh8 26.Rg5 Bd4 27.Rh5+ Kg8 28.
Bh6 Rfd8 29.Kd2 Ne4+ 30.Kc2 f5 31.Rg1+ Kf7 32.Rxf5+ Nf6 33.Bc4+ Ke7 34.
Rg7+ Ke8 35.Bg5 Rd7 36.Rg6 1-0

[Event "XXIII Festival A"]
[Site "Arco ITA"]
[Date "2001.10.23"]
[Round "4"]
[White "Rotstein, Arkadij"]
[Black "Fercec, Nenad"]
[Result "1-0"]
[WhiteElo "2500"]
[BlackElo "2458"]
[PlyCount "88"]
[EventDate "2001.10.20"]

1.Nf3 Nf6 2.c4 c5 3.g3 b6 4.Bg2 Bb7 5.O-O e6 6.Nc3 Be7 7.Re1 d6 8.e4 a6 9.
d4 cxd4 10.Nxd4 Qc7 11.Be3 Nbd7 12.f4 O-O 13.Rc1 Rfe8 14.Bf2 Rad8 15.Qe2 
Bf8 16.e5 Bxg2 17.Kxg2 dxe5 18.fxe5 Nxe5 19.Qxe5 Qxe5 20.Rxe5 Ng4 21.Nf3 
Nxe5 22.Nxe5 Rd2 23.Rb1 Bc5 24.Ne4 Rc2 25.Nxc5 bxc5 26.Kf3 Rd8 27.Bxc5 f6 
28.Nc6 Rd3+ 29.Ke4 Rd7 30.Na5 Rxh2 31.Be3 f5+ 32.Kf3 e5 33.Nc6 e4+ 34.Kf4 
Re2 35.Bg1 g6 36.c5 Kg7 37.Bd4+ Kf8 38.Ke5 Kf7 39.a4 Rd2 40.b4 Rd3 41.b5 
axb5 42.axb5 e3 43.b6 e2 44.Re1 Rxg3 1-0

[Event "XXIII Festival A"]
[Site "Arco ITA"]
[Date "2001.10.23"]
[Round "4"]
[White "Scalcione, Michelangelo"]
[Black "Weiland, Guenter"]
[Result "1-0"]
[WhiteElo "2292"]
[BlackElo "2036"]
[PlyCount "49"]
[EventDate "2001.10.20"]

1.Nf3 Nf6 2.c4 g6 3.Nc3 Bg7 4.e4 d6 5.d4 c6 6.Be2 O-O 7.O-O Bg4 8.Be3 a5 
9.Rb1 Nfd7 10.Qd2 Na6 11.a3 e5 12.d5 Bxf3 13.Bxf3 c5 14.Be2 f5 15.f3 Nf6 
16.exf5 gxf5 17.Bd3 Nh5 18.Bxf5 Rxf5 19.g4 Rf8 20.gxh5 Qh4 21.h6 Bf6 22.
Ne4 Be7 23.Kh1 Kh8 24.Rg1 Rxf3 25.Qg2 1-0

[Event "XXIII Festival A"]
[Site "Arco ITA"]
[Date "2001.10.23"]
[Round "4"]
[White "Slobodjan, Roman"]
[Black "Godena, Michele"]
[Result "1/2-1/2"]
[WhiteElo "2522"]
[BlackElo "2496"]
[PlyCount "97"]
[EventDate "2001.10.20"]

1.d4 d5 2.c4 e6 3.Nf3 Nf6 4.e3 a6 5.Nbd2 c5 6.dxc5 Bxc5 7.a3 Nc6 8.b4 Ba7 
9.Bb2 O-O 10.Bd3 Qe7 11.Qc2 Bd7 12.Rd1 h6 13.O-O Rac8 14.Qb1 Rfd8 15.Qa1 
Be8 16.cxd5 Rxd5 17.Ne4 Nxe4 18.Bxe4 Rxd1 19.Rxd1 f6 20.Qb1 Rd8 21.Rc1 Bb8
22.Qc2 Qd6 23.Qc4 Qd1+ 24.Ne1 Qd2 25.Bc2 Qd5 26.Qxd5 exd5 27.Bb3 Be5 28.
Nd3 Bxb2 29.Nxb2 Bf7 30.Nd3 d4 31.Bxf7+ Kxf7 32.e4 Ne5 33.Rc7+ Ke8 34.Nxe5
fxe5 35.Kf1 Rd7 36.Rc5 Re7 37.Ke2 Kd7 38.b5 axb5 39.Rxb5 Kc6 40.Rd5 b5 41.
h4 Ra7 42.Rxe5 Rxa3 43.Rd5 Ra2+ 44.Kf3 Rd2 45.Rd8 Kc7 46.Rd5 Kc6 47.Rd8 
Kc7 48.Rd5 Kc6 49.Rd8 1/2-1/2

[Event "XXIII Festival A"]
[Site "Arco ITA"]
[Date "2001.10.23"]
[Round "4"]
[White "Tocco, Paolo"]
[Black "Kamenecki, Stjepan"]
[Result "1-0"]
[WhiteElo "2134"]
[BlackElo "2046"]
[PlyCount "53"]
[EventDate "2001.10.20"]

1.e4 c6 2.d4 d5 3.e5 Bf5 4.g4 Bg6 5.h4 h6 6.h5 Bh7 7.e6 fxe6 8.Bd3 Nd7 9.
Bxh7 Rxh7 10.Qd3 Ndf6 11.Nf3 Qa5+ 12.Bd2 Qb6 13.Qg6+ Kd8 14.Nc3 Rh8 15.Qf7
Nd7 16.O-O-O Ngf6 17.Rhg1 c5 18.dxc5 Nxc5 19.Be3 Nfd7 20.g5 Qc6 21.gxh6 
gxh6 22.Bd4 e5 23.Nxe5 Qe6 24.Qxe6 Nxe6 25.Nf7+ Kc7 26.Nxd5+ Kc6 27.Nxh8 
1-0

[Event "XXIII Festival A"]
[Site "Arco ITA"]
[Date "2001.10.23"]
[Round "4"]
[White "Valenti, Giuseppe"]
[Black "Isonzo, David"]
[Result "1/2-1/2"]
[WhiteElo "2206"]
[BlackElo "2343"]
[PlyCount "50"]
[EventDate "2001.10.20"]

1.e4 c5 2.Nf3 d6 3.d4 cxd4 4.Nxd4 Nf6 5.Nc3 a6 6.Bg5 e6 7.f4 b5 8.e5 dxe5 
9.fxe5 Qc7 10.Qe2 Nfd7 11.O-O-O Bb7 12.Qg4 Qxe5 13.Bd3 h6 14.Bh4 g5 15.Bg3
Qe3+ 16.Rd2 h5 17.Qd1 Qxd4 18.Bxb5 Qg4 19.Rxd7 Qxd1+ 20.Rhxd1 Nxd7 21.Rxd7
axb5 22.Rxb7 b4 23.Nb5 Rxa2 24.Kb1 Ra5 25.Bc7 Rxb5 1/2-1/2

[Event "XXIII Festival A"]
[Site "Arco ITA"]
[Date "2001.10.23"]
[Round "4"]
[White "Wohl, Aleksandar H."]
[Black "Sulava, Nenad"]
[Result "1/2-1/2"]
[WhiteElo "2379"]
[BlackElo "2553"]
[PlyCount "23"]
[EventDate "2001.10.20"]

1.c4 e5 2.Nc3 Nf6 3.Nf3 d6 4.d4 e4 5.Ng5 Bf5 6.Qc2 h6 7.Ngxe4 Nxe4 8.Nxe4 
Qh4 9.Qa4+ Bd7 10.Qc2 Bf5 11.Qa4+ Bd7 12.Qc2 1/2-1/2

[Event "XXIII Festival A"]
[Site "Arco ITA"]
[Date "2001.10.23"]
[Round "4"]
[White "Zilahi, Gabor"]
[Black "Ager, Josef"]
[Result "0-1"]
[WhiteElo "2116"]
[BlackElo "2239"]
[PlyCount "72"]
[EventDate "2001.10.20"]

1.Nf3 Nf6 2.d4 g6 3.g3 Bg7 4.Bg2 d6 5.c4 O-O 6.Nc3 Nc6 7.h3 a6 8.d5 Na5 9.
Qd3 c5 10.e4 Nd7 11.O-O Rb8 12.Rb1 b5 13.b3 bxc4 14.bxc4 Rb4 15.Be3 Nxc4 
16.Bf4 a5 17.Ne2 Nce5 18.Nxe5 Nxe5 19.Bxe5 Bxe5 20.f4 Bg7 21.Rbe1 Qb6 22.
Kh2 Qb5 23.Qe3 Ba6 24.Rf3 Rb2 25.Bf1 Rxa2 26.e5 Qb2 27.Kg1 Bc4 28.Rf2 Bxd5
29.exd6 exd6 30.Rd1 Qb3 31.Qxb3 Bxb3 32.Rxd6 Rc2 33.Rd3 a4 34.Rff3 Re8 35.
Nc3 Bd4+ 36.Kh1 Rc1 0-1

[Event "XXIII Festival A"]
[Site "Arco ITA"]
[Date "2001.10.24"]
[Round "5"]
[White "Ager, Josef"]
[Black "Tocco, Paolo"]
[Result "1/2-1/2"]
[WhiteElo "2239"]
[BlackElo "2134"]
[PlyCount "73"]
[EventDate "2001.10.20"]

1.c4 f5 2.Nc3 Nf6 3.g3 g6 4.Bg2 Bg7 5.e3 O-O 6.Nge2 e5 7.b4 e4 8.d3 exd3 
9.Qxd3 Nc6 10.c5 Kh8 11.Rb1 Ne5 12.Qd1 Nf7 13.O-O c6 14.b5 a6 15.bxc6 dxc6
16.Na4 Nd7 17.Qc2 Qe7 18.Rd1 Ng5 19.Bb2 Ne4 20.Bxg7+ Kxg7 21.Rbc1 Rb8 22.
Nd4 Ndf6 23.f3 Ng5 24.Re1 Ne6 25.Qb2 Bd7 26.e4 Nxd4 27.Qxd4 fxe4 28.Rxe4 
Qf7 29.Bf1 Rbe8 30.Nc3 Be6 31.Re2 Rd8 32.Qe5 Bc4 33.Rb2 Bxf1 34.Rxf1 Rfe8 
35.Qf4 Qe7 36.Kg2 Rd7 37.Qc4 1/2-1/2

[Event "XXIII Festival A"]
[Site "Arco ITA"]
[Date "2001.10.24"]
[Round "5"]
[White "Balogh, Csaba"]
[Black "Friedrich, Norbert"]
[Result "1/2-1/2"]
[WhiteElo "2367"]
[BlackElo "2277"]
[PlyCount "58"]
[EventDate "2001.10.20"]

1.e4 c5 2.Nf3 e6 3.d4 cxd4 4.Nxd4 a6 5.Nc3 Qc7 6.Be2 b5 7.O-O Bb7 8.Re1 
Nc6 9.Nxc6 dxc6 10.e5 Rd8 11.Bd3 Ne7 12.Bg5 h6 13.Bh4 Rd4 14.Re4 Rxe4 15.
Bxe4 Qxe5 16.Bg3 Qc5 17.Bd6 Qb6 18.Qh5 Nd5 19.Be5 Nf6 20.Qf3 Be7 21.Rd1 
O-O 22.Qg3 Rd8 23.Re1 Rd7 24.Bf3 c5 25.Bxb7 Qxb7 26.h3 Nh5 27.Qg4 Nf6 28.
Qg3 Nh5 29.Qg4 Nf6 1/2-1/2

[Event "XXIII Festival A"]
[Site "Arco ITA"]
[Date "2001.10.24"]
[Round "5"]
[White "Belotti, Bruno"]
[Black "Slobodjan, Roman"]
[Result "1/2-1/2"]
[WhiteElo "2403"]
[BlackElo "2522"]
[PlyCount "69"]
[EventDate "2001.10.20"]

1.Nf3 d5 2.g3 g6 3.Bg2 Bg7 4.O-O e5 5.d3 Ne7 6.e4 O-O 7.exd5 Nxd5 8.Nbd2 
Nc6 9.c3 h6 10.Re1 Re8 11.a4 Bf5 12.Ne4 b6 13.b4 a6 14.Bb2 Qd7 15.b5 Na5 
16.Rb1 axb5 17.axb5 Nf6 18.Nxe5 Rxe5 19.Nxf6+ Bxf6 20.Rxe5 Bxe5 21.Bxa8 
Bxd3 22.Be4 Bxb5 23.Qf3 Nc4 24.Rd1 Bd6 25.Bc1 Ne5 26.Qf6 Qh3 27.Bg2 Qh5 
28.Re1 Ng4 29.Qd8+ Kg7 30.h3 Ne5 31.Qa8 Nd3 32.Rf1 Ne5 33.Re1 Nd3 34.Rf1 
Ne5 35.Re1 1/2-1/2

[Event "XXIII Festival A"]
[Site "Arco ITA"]
[Date "2001.10.24"]
[Round "5"]
[White "Dittmar, Peter"]
[Black "Murey, Jacob I."]
[Result "1/2-1/2"]
[WhiteElo "2316"]
[BlackElo "2475"]
[PlyCount "121"]
[EventDate "2001.10.20"]

1.d4 Nf6 2.Bg5 c5 3.Bxf6 gxf6 4.dxc5 e6 5.Nc3 Na6 6.e4 Bxc5 7.Qf3 Nb4 8.
O-O-O a6 9.Nh3 Nc6 10.Qg3 Bf8 11.Bc4 h5 12.f4 h4 13.Qf2 Qa5 14.Bb3 Bc5 15.
Qd2 Bd4 16.Nd5 Qxd2+ 17.Rxd2 Kd8 18.Re1 Re8 19.Ne3 b5 20.c3 Bc5 21.Ng4 Ke7
22.e5 f5 23.Ngf2 d5 24.exd6+ Bxd6 25.Bc2 b4 26.c4 b3 27.axb3 Bb4 28.Bxf5 
Bxd2+ 29.Kxd2 Nd4 30.Be4 Nxb3+ 31.Kc3 Rb8 32.Nd3 Bb7 33.f5 Kf6 34.Bxb7 
Rxb7 35.fxe6 Rxe6 36.Rf1+ Kg7 37.Nhf4 Re4 38.Nh5+ Kf8 39.Rf4 Re3 40.Rxh4 
Nc5 41.Nf4 Rd7 42.Rh3 Nxd3 43.Rxe3 Nxf4 44.g3 Ne6 45.b4 Rd1 46.Rd3 Rc1+ 
47.Kb3 Ke7 48.Rd5 Rh1 49.Rh5 Nd4+ 50.Kc3 Ne2+ 51.Kd3 Nxg3 52.Rg5 Nf1 53.
Re5+ Kd6 54.Re1 f5 55.Ke2 Rxh2+ 56.Kxf1 Rh4 57.c5+ Kd5 58.Rd1+ Ke4 59.Kg2 
Rg4+ 60.Kf2 Rf4+ 61.Kg2 1/2-1/2

[Event "XXIII Festival A"]
[Site "Arco ITA"]
[Date "2001.10.24"]
[Round "5"]
[White "Drasko, Milan"]
[Black "Vismara, Daniele"]
[Result "1-0"]
[WhiteElo "2508"]
[BlackElo "2365"]
[PlyCount "45"]
[EventDate "2001.10.20"]

1.Nf3 d5 2.g3 Bg4 3.Bg2 Nd7 4.d3 Ngf6 5.O-O c6 6.Qe1 e5 7.e4 dxe4 8.dxe4 
Bc5 9.Nbd2 O-O 10.h3 Bh5 11.a4 a5 12.Nc4 Re8 13.Bd2 b6 14.Nh4 Qc7 15.Kh1 
Nf8 16.Bc3 N6d7 17.f4 exf4 18.gxf4 f6 19.Nf5 Ne6 20.e5 fxe5 21.fxe5 Nef8 
22.Nxg7 Kxg7 23.Qg3+ 1-0

[Event "XXIII Festival A"]
[Site "Arco ITA"]
[Date "2001.10.24"]
[Round "5"]
[White "Fercec, Nenad"]
[Black "Astengo, Marcello"]
[Result "1-0"]
[WhiteElo "2458"]
[BlackElo "2076"]
[PlyCount "41"]
[EventDate "2001.10.20"]

1.e4 e6 2.d4 d5 3.Nc3 Nf6 4.Bg5 Bb4 5.e5 h6 6.Bd2 Bxc3 7.bxc3 Ne4 8.Qg4 
Kf8 9.h4 c5 10.Bd3 Nxd2 11.Kxd2 Nc6 12.Rh3 Rg8 13.Rf3 cxd4 14.cxd4 g5 15.
Qh5 Rg7 16.c3 gxh4 17.Nh3 Bd7 18.Qxh6 Ne7 19.Ng5 Nf5 20.Rxf5 exf5 21.Nh7+ 
1-0

[Event "XXIII Festival A"]
[Site "Arco ITA"]
[Date "2001.10.24"]
[Round "5"]
[White "Godena, Michele"]
[Black "Wohl, Aleksandar H."]
[Result "1/2-1/2"]
[WhiteElo "2496"]
[BlackElo "2379"]
[PlyCount "72"]
[EventDate "2001.10.20"]

1.e4 e6 2.d4 d5 3.Nd2 Be7 4.Ngf3 Nf6 5.Bd3 c5 6.dxc5 dxe4 7.Nxe4 Nxe4 8.
Bxe4 Qxd1+ 9.Kxd1 Bxc5 10.Ne5 f5 11.Nd3 Bd6 12.Bf3 Nd7 13.Re1 Kf7 14.Bd2 
Rd8 15.Kc1 Rb8 16.a4 e5 17.Bd5+ Kf8 18.f3 Nf6 19.Bb3 Re8 20.a5 Bd7 21.Be3 
a6 22.Nc5 Bc8 23.Ra4 f4 24.Bf2 Bf5 25.Rb4 Nd7 26.Rxb7 Bxc5 27.Bxc5+ Nxc5 
28.Rf7+ Kg8 29.Rxf5+ Rxb3 30.cxb3 Nd3+ 31.Kd2 Nxe1 32.Kxe1 Rb8 33.Rxe5 
Rxb3 34.Re6 Rxb2 35.Kf1 Rb1+ 36.Kf2 Rb2+ 1/2-1/2

[Event "XXIII Festival A"]
[Site "Arco ITA"]
[Date "2001.10.24"]
[Round "5"]
[White "Goldinger, Peter"]
[Black "Stantic, Severino"]
[Result "1/2-1/2"]
[WhiteElo "2230"]
[BlackElo "2126"]
[PlyCount "32"]
[EventDate "2001.10.20"]

1.d4 Nf6 2.c4 e6 3.Nf3 b6 4.g3 Ba6 5.Qa4 Be7 6.Bg2 O-O 7.O-O Bb7 8.Nc3 c5 
9.Rd1 cxd4 10.Nxd4 Bxg2 11.Kxg2 Qc7 12.f3 Nc6 13.Be3 Rfd8 14.Rac1 Qb7 15.
Bf2 Rac8 16.Nxc6 dxc6 1/2-1/2

[Event "XXIII Festival A"]
[Site "Arco ITA"]
[Date "2001.10.24"]
[Round "5"]
[White "Isonzo, David"]
[Black "Schaefer, Michael"]
[Result "1/2-1/2"]
[WhiteElo "2343"]
[BlackElo "2234"]
[PlyCount "84"]
[EventDate "2001.10.20"]

1.e4 c5 2.Nf3 e6 3.d4 cxd4 4.Nxd4 Nf6 5.Nc3 d6 6.Bc4 Be7 7.Bb3 O-O 8.Be3 
Na6 9.f4 Nc5 10.Qf3 a6 11.g4 d5 12.exd5 Nxb3 13.Nxb3 exd5 14.f5 Ne4 15.
O-O-O Nxc3 16.bxc3 Bd7 17.Rhg1 Bc6 18.g5 Re8 19.g6 Bf6 20.gxf7+ Kxf7 21.
Bd4 Re4 22.Nc5 Rxd4 23.cxd4 Rc8 24.Ne6 Qa5 25.Qh5+ Ke7 26.Rde1 Qa3+ 27.Kd1
Kd6 28.Qg4 Ba4 29.Qf4+ Kd7 30.Re3 Qxa2 31.Nc5+ Rxc5 32.dxc5 Qxc2+ 33.Ke1 
Bc3+ 34.Rxc3 Qxc3+ 35.Kf2 Qxc5+ 36.Kg2 Bc6 37.Rc1 Qe7 38.Kg3 Qd6 39.Qxd6+ 
Kxd6 40.Kf4 Ke7 41.Ke5 a5 42.Rg1 Kf7 1/2-1/2

[Event "XXIII Festival A"]
[Site "Arco ITA"]
[Date "2001.10.24"]
[Round "5"]
[White "Ivanov, Mikhail M."]
[Black "Rigo, Janos"]
[Result "0-1"]
[WhiteElo "2418"]
[BlackElo "2338"]
[PlyCount "120"]
[EventDate "2001.10.20"]

1.Nf3 c5 2.c4 Nc6 3.d4 cxd4 4.Nxd4 g6 5.e4 Bg7 6.Be3 Nf6 7.Nc3 d6 8.Be2 
Ng4 9.Bxg4 Bxg4 10.Qd2 O-O 11.O-O Rc8 12.b3 Qa5 13.Rac1 a6 14.f3 Bd7 15.
Rfd1 f5 16.exf5 gxf5 17.Nde2 Rf7 18.c5 Re8 19.Bf2 Bf8 20.cxd6 exd6 21.Nf4 
Ne5 22.Ncd5 Qxd2 23.Rxd2 Bc6 24.Rcd1 Bh6 25.Rc2 Ng6 26.Nh5 Re6 27.Nb4 Be8 
28.Rc8 Rf8 29.Nd5 Bc6 30.Ndf6+ Kf7 31.Rc7+ Ne7 32.Nd7 Rc8 33.Rxc8 Nxc8 34.
Nb8 Be8 35.Ng3 Ne7 36.a4 d5 37.Rd4 Bg7 38.Rb4 b5 39.axb5 axb5 40.Rh4 h6 
41.Nh5 Be5 42.Nf4 Rf6 43.Nh5 Rg6 44.Nf4 Rf6 45.Nh5 Rd6 46.Bc5 Ng6 47.Bxd6 
Bxd6 48.Rh3 f4 49.Na6 Bd7 50.g4 Bc8 51.Nxf4 Bxf4 52.Nb4 Be6 53.Nd3 Kg7 54.
Rh5 Bg5 55.Kf2 Bf4 56.h4 b4 57.Ke2 Kg8 58.Kd1 d4 59.Kc2 Bf7 60.Rb5 Bd6 0-1

[Event "XXIII Festival A"]
[Site "Arco ITA"]
[Date "2001.10.24"]
[Round "5"]
[White "Kemeny, Matthias"]
[Black "Ortega, Lexy"]
[Result "0-1"]
[WhiteElo "2098"]
[BlackElo "2494"]
[PlyCount "104"]
[EventDate "2001.10.20"]

1.e4 c5 2.Nf3 e6 3.d4 cxd4 4.Nxd4 a6 5.f4 d6 6.Be2 Nf6 7.Nc3 Qc7 8.O-O Be7
9.Be3 b5 10.a3 Bb7 11.Bf3 Nbd7 12.Qe1 O-O 13.Qg3 Nc5 14.e5 Nfe4 15.Nxe4 
Nxe4 16.Bxe4 Bxe4 17.f5 exf5 18.Bh6 g6 19.Bxf8 Bxf8 20.Nxf5 dxe5 21.c3 Rd8
22.Qg5 Qb6+ 23.Kh1 f6 24.Qg4 Bd3 25.Rf3 Be2 26.Nh4 Qd6 27.h3 Bg7 28.Qe4 
Bxf3 29.Nxf3 f5 30.Qb7 e4 31.Ng5 Qf6 32.h4 h6 33.Nh3 g5 34.hxg5 hxg5 35.
Rf1 e3 36.Qf3 g4 37.Qxe3 gxh3 38.Qxh3 f4 39.Qg4 Qh6+ 40.Kg1 Qb6+ 41.Kh1 
Rd6 42.Qc8+ Qd8 43.Qg4 Rh6+ 44.Kg1 Qb6+ 45.Rf2 Re6 46.Kh2 Qe3 47.Kg1 Qb6 
48.Kh2 Qd6 49.Kg1 Re1+ 50.Kh2 f3+ 51.g3 Qh6+ 52.Qh4 Re2 0-1

[Event "XXIII Festival A"]
[Site "Arco ITA"]
[Date "2001.10.24"]
[Round "5"]
[White "Kragelj, Igor"]
[Black "De Santis, Alessio"]
[Result "1/2-1/2"]
[WhiteElo "2278"]
[BlackElo "2345"]
[PlyCount "58"]
[EventDate "2001.10.20"]

1.d4 f5 2.g3 Nf6 3.Bg2 g6 4.Nf3 Bg7 5.O-O O-O 6.c4 d6 7.Nc3 Qe8 8.d5 a5 9.
Rb1 Na6 10.b3 Bd7 11.Bb2 c6 12.Nd4 Nc5 13.a3 g5 14.e3 Ng4 15.h3 Ne5 16.f4 
gxf4 17.gxf4 Ng6 18.b4 axb4 19.axb4 e5 20.dxe6 Nxe6 21.Nde2 Nh4 22.Bh1 Rf6
23.Kh2 Rh6 24.Ng3 Rd8 25.Qd3 Kh8 26.Rg1 Ng6 27.Rgf1 Nh4 28.Rg1 Ng6 29.Rgf1
Nh4 1/2-1/2

[Event "XXIII Festival A"]
[Site "Arco ITA"]
[Date "2001.10.24"]
[Round "5"]
[White "Linde, Wolfgang"]
[Black "Scalcione, Michelangelo"]
[Result "1/2-1/2"]
[WhiteElo "2124"]
[BlackElo "2292"]
[PlyCount "82"]
[EventDate "2001.10.20"]

1.Nf3 Nf6 2.c4 g6 3.Nc3 Bg7 4.e4 d6 5.d4 O-O 6.Be2 e5 7.dxe5 dxe5 8.Qxd8 
Rxd8 9.Bg5 Re8 10.Nd5 Nxd5 11.cxd5 c6 12.Bc4 cxd5 13.Bxd5 Nc6 14.Ke2 Nb4 
15.Bb3 Bd7 16.Rhc1 Bc6 17.a3 Na6 18.Nd2 Nc7 19.f3 Ne6 20.Bxe6 Rxe6 21.a4 
Bf8 22.Nc4 f5 23.Na5 fxe4 24.Nxc6 exf3+ 25.Kxf3 e4+ 26.Ke3 bxc6 27.Bf4 Bg7
28.Rc4 Rd8 29.Rxe4 Rxe4+ 30.Kxe4 Bxb2 31.Rb1 Rd4+ 32.Kf3 Rb4 33.Bd6 Rb6 
34.Bc5 Rb8 35.Bd6 Rd8 36.Rxb2 Rxd6 37.Rb8+ Kf7 38.Rb7+ Ke6 39.Rxa7 h5 40.
a5 Kd5 41.Ke3 c5 1/2-1/2

[Event "XXIII Festival A"]
[Site "Arco ITA"]
[Date "2001.10.24"]
[Round "5"]
[White "Luciani, Carlo"]
[Black "Valenti, Giuseppe"]
[Result "0-1"]
[WhiteElo "2241"]
[BlackElo "2206"]
[PlyCount "68"]
[EventDate "2001.10.20"]

1.e4 c5 2.Nf3 Nc6 3.d4 cxd4 4.Nxd4 Qb6 5.Nb3 Nf6 6.Nc3 e6 7.a3 a6 8.Be3 
Qc7 9.f4 d6 10.Qf3 b5 11.Bd3 Bb7 12.O-O Be7 13.Qg3 O-O 14.Nd4 Nxd4 15.Bxd4
e5 16.fxe5 Nh5 17.Qh3 dxe5 18.Qxh5 exd4 19.Nd5 Bxd5 20.exd5 g6 21.Qg4 Rad8
22.Be4 Bd6 23.g3 Rde8 24.Kg2 Re5 25.Qf3 f5 26.Bd3 Re3 27.Qf2 f4 28.g4 Qd7 
29.a4 Qxg4+ 30.Kh1 Rh3 31.Rg1 Qh5 32.Bxg6 hxg6 33.Rxg6+ Qxg6 34.Rg1 Rg3 
0-1

[Event "XXIII Festival A"]
[Site "Arco ITA"]
[Date "2001.10.24"]
[Round "5"]
[White "Rotstein, Arkadij"]
[Black "Dervishi, Erald"]
[Result "1/2-1/2"]
[WhiteElo "2500"]
[BlackElo "2501"]
[PlyCount "61"]
[EventDate "2001.10.20"]

1.c4 e6 2.g3 Nf6 3.Bg2 d5 4.Nf3 Be7 5.O-O O-O 6.d4 dxc4 7.Qc2 a6 8.a4 Bd7 
9.Qxc4 Bc6 10.Bg5 a5 11.Nc3 Na6 12.Rfd1 Nb4 13.Rac1 Rc8 14.Bxf6 Bxf6 15.e4
Re8 16.h4 h6 17.b3 b6 18.e5 Be7 19.Ne1 Bxg2 20.Nxg2 c6 21.Ne3 Qd7 22.Qe2 
Nd5 23.Ncxd5 cxd5 24.Qa6 Rc6 25.Qb5 Rec8 26.Rc2 Qb7 27.Rdc1 Rxc2 28.Rxc2 
Rxc2 29.Nxc2 Qc7 30.Ne3 h5 31.Kg2 1/2-1/2

[Event "XXIII Festival A"]
[Site "Arco ITA"]
[Date "2001.10.24"]
[Round "5"]
[White "Sulava, Nenad"]
[Black "Naumkin, Igor"]
[Result "1/2-1/2"]
[WhiteElo "2553"]
[BlackElo "2414"]
[PlyCount "51"]
[EventDate "2001.10.20"]

1.Nf3 Nf6 2.g3 d5 3.Bg2 c5 4.O-O Nc6 5.d4 cxd4 6.Nxd4 e6 7.c4 Bc5 8.Nb3 
Bb6 9.cxd5 Nxd5 10.Na3 O-O 11.Nc4 Bc7 12.a3 Qe7 13.Qc2 a5 14.e4 Nf6 15.Be3
a4 16.Nd4 Nxd4 17.Bxd4 Bd7 18.Rfc1 Rfc8 19.Qd2 Bc6 20.f3 e5 21.Bf2 Rd8 22.
Qb4 Qe6 23.Bf1 Nd7 24.Ne3 Ba5 25.Qc4 Qf6 26.Qe2 1/2-1/2

[Event "XXIII Festival A"]
[Site "Arco ITA"]
[Date "2001.10.24"]
[Round "5"]
[White "Weiland, Guenter"]
[Black "Zilahi, Gabor"]
[Result "0-1"]
[WhiteElo "2036"]
[BlackElo "2116"]
[PlyCount "116"]
[EventDate "2001.10.20"]

1.Nf3 d5 2.c4 c6 3.d4 Nf6 4.g3 Bf5 5.Bg2 e6 6.O-O Bd6 7.b3 Nbd7 8.Bb2 O-O 
9.Nbd2 a5 10.a3 Qb8 11.Re1 Re8 12.Nf1 h6 13.Ne3 Be4 14.Qd2 g5 15.Rec1 Bg6 
16.Qe1 Ne4 17.Nd2 f5 18.Nxe4 fxe4 19.Qd2 Nf6 20.b4 b5 21.cxd5 axb4 22.axb4
cxd5 23.Bc3 Qb7 24.Qb2 Reb8 25.Bd2 Be8 26.Bh3 Bd7 27.Ng4 Nxg4 28.Bxg4 Ra4 
29.f3 Rba8 30.fxe4 dxe4 31.d5 Qa7+ 32.Kg2 Rf8 33.e3 exd5 34.Bxd7 Qxd7 35.
Rf1 Rxa1 36.Rxf8+ Bxf8 37.Qxa1 Qf7 38.Qd1 Bg7 39.Qg4 Qf6 40.Qe2 Qb2 41.Kf2
g4 42.Be1 Qxe2+ 43.Kxe2 Kf7 44.Kd2 Ke6 45.Bf2 Be5 46.Kc2 h5 47.Kb3 h4 48.
Kc2 h3 49.Kb3 Ba1 50.Be1 Be5 51.Bf2 Bf6 52.Kc2 d4 53.exd4 Kd5 54.Kc3 Bg5 
55.Bg1 Bh6 56.Kb3 e3 57.Kc3 Ke4 58.d5 Bf8 0-1